| 000 | 01169nam a22002777a 4500 | ||
|---|---|---|---|
| 005 | 20180312112551.0 | ||
| 008 | 130516s2007 sp ad frn 000 0 spa | ||
| 020 | _a8466574867 | ||
| 020 | _a9788466574860 | ||
| 040 |
_aCO-BoUCM _bspa _cAngélica Rojas _dAldemar Mondragón |
||
| 041 | 0 | 0 | _aspa |
| 060 | _aWA 26.5 | ||
| 245 | 0 | 4 |
_aLas TIC para la igualdad nuevas tecnologías y atención a la diversidad _ccoordinadores, Julio Cabero Almenara, Margarita Córdoba Pérez, José María Fernández Batanero |
| 260 |
_aSevilla _bEditorial MAD _c2007 _g2008 |
||
| 300 |
_a265 páginas _bilustraciones y gráficas |
||
| 490 | 0 | _aEduforma | |
| 504 | _aIncluye referencias bibliográficas | ||
| 650 | 7 |
_aAyudas técnicas para personas con discapacidad _937610 |
|
| 650 | 7 |
_aNiños con discapacidad _xEducación _937609 |
|
| 650 | 7 |
_aOrdenadores y personas con discapacidad _937611 |
|
| 690 | _aSalud pública | ||
| 700 | 1 |
_aCabero Almenara, Julio _d1958- _ecoordinador _937612 |
|
| 700 | 1 |
_aCórdoba Pérez, Margarita _ecoordinador _937613 |
|
| 700 | 1 |
_aFernández Batanero, José María _ecoordinador _937614 |
|
| 942 |
_a26 _cLIBRORESER _e1 _mT555 _2NLM _hWA 26.5 _n0 |
||
| 999 |
_c166461 _d166461 |
||